Загрузка...
Urinary Tract Infections in Diabetic Patients
| Главный автор: | |
|---|---|
| Формат: | Dissertation |
| Опубликовано: |
Perinthalmanna
EMS
2005
|
| Предметы: |
| LEADER | 00539nam a22001577a 4500 | ||
|---|---|---|---|
| 082 | |a 616.9041 BAB/05 | ||
| 084 | |b RN | ||
| 100 | |a Baby Shaheeda K. | ||
| 245 | |a Urinary Tract Infections in Diabetic Patients |c Baby Shaheeda K. | ||
| 260 | |c 2005 |a Perinthalmanna |b EMS | ||
| 300 | |a 46p. | ||
| 653 | |a Microbiology | ||
| 700 | |a Baby Shaheeda K. | ||
| 942 | |2 ddc |c PD |k 616.9041 | ||
| 999 | |c 282152 |d 282152 | ||
| 952 | |0 0 |1 0 |4 0 |6 616_904100000000000_BAB_05 |7 0 |9 319898 |a SHS |b SHS |c ST1 |d 2011-08-09 |i NB32 |l 0 |o 616.9041 BAB/05 |p SHSNB32 |r 2011-08-09 |w 2017-12-11 |y PD |z MM32 | ||